000 00787cam a22002773a 4500
001 4275
003 PGUSA
005 20140828083051.0
008 030701s2003||||xxu|||||s|||||000 1 eng d
040 _aPGUSA
_beng
042 _adc
050 4 _aPR
100 1 _aGaskell, Elizabeth Cleghorn,
_d1810-1865
245 1 0 _aRuth
_h[electronic resource] /
_cElizabeth Cleghorn Gaskell
260 _bProject Gutenberg,
_c2003
506 _aPublic domain in the USA.
516 _aElectronic text
653 _aUnmarried mothers -- Fiction
653 _aMothers and sons -- Fiction
653 _aEngland -- Fiction
653 _aDomestic fiction
653 _aReligious fiction
830 0 _aProject Gutenberg
_v4275
856 4 0 _uhttp://www.gutenberg.org/ebooks/4275
942 _cEB
999 _c233604
_d233604